00997nam a2200241Ia 4500008004100000020002200041082001700063100002500080245013800105250001100243260003200254300002400286440001800310500002400328505011900352650004200471650003400513650004600547700003400593942001200627952009900639999001700738120622s2009 mx 000 0 spa d a978-607-11-0266-9 a332.042 S68n aSOROS, George, autor aEl Nuevo Paradigma de los Mercados Financieros b: para entender la crisis económica actualc/ George Soros ; tr. Estrella Trincado a2a ed. aMéxico b: Taurosc, 2009 a322 p. bgráficas a(Pensamiento) aEdición ampliada  aEl panorama. La crisis actual y más allá. El Crac de 2008 y sus implicaciones. El destino del nuevo paradigma.1 aCRISIS ECONÓMICAzESTADOS UNIDOS 2 aCRÉDITOSzESTADOS UNIDOS 3 aPOLÍTICA ECONÓMICAzESTADOS UNIDOS  aTRINCADO, Estrella, traductor 2ddccLB 00102ddc4070a01b01d2014-08-07l0o332.042 S68np01 001754r2014-08-07t1w2014-08-07yLB c57837d57837